| 000 | 00399nam a22001577a 4500 | ||
|---|---|---|---|
| 999 |
_c478749 _d478749 |
||
| 003 | NUST | ||
| 005 | 20180713053755.0 | ||
| 008 | 180713b ||||| |||| 00| 0 eng d | ||
| 038 | _a0 | ||
| 082 | _a302.23 | ||
| 100 | _4Sana Khaqan Malik | ||
| 245 | _aFrame diversity in Pakistani crime reality shows: a content analysis | ||
| 260 |
_aIslamabad _bNUST _c2018 |
||
| 300 | _a92p | ||
| 942 |
_2ddc _cTHE |
||